Statistics for Can you name EVERY Cedar Fair Roller Coaster?

Click here to take the quiz!

General Stats

  • This quiz has been taken 683 times
  • The average score is 59 of 121

Answer Stats

Park NameCoaster% Correct
CarowindsIntimidator
87%
CarowindsFury 325
85%
Cedar PointSteel Vengeance
83%
Kings DominionIntimidator 305
80%
Cedar PointMillennium Force
80%
Cedar PointTop Thrill Dragster
80%
Canada's WonderlandLeviathan
78%
Cedar PointMaverick
77%
Cedar PointRaptor
77%
Cedar PointGateKeeper
75%
Kings IslandOrion
75%
Cedar PointValravn
72%
California's Great America | Carowinds | Cedar Point | +3 othersWoodstock Express
71%
Cedar PointMagnum XL-200
70%
Kings IslandThe Beast
70%
Cedar PointBlue Streak
69%
Cedar PointGemini
69%
Kings DominionTwisted Timbers
69%
Cedar Point | Michigan's Adventure | ValleyfairCorkscrew
68%
Canada's WonderlandBehemoth
67%
Cedar PointRougarou
67%
Kings IslandDiamondback
66%
California's Great AmericaRailBlazer
66%
Kings IslandBanshee
65%
Kings IslandMystic Timbers
65%
Canada's WonderlandYukon Striker
63%
CarowindsCopperhead Strike
62%
Knott's Berry FarmGhostRider
62%
Canada's Wonderland | Kings IslandThe Bat
62%
Cedar PointCedar Creek Mine Ride
59%
California's Great AmericaGold Striker
59%
California's Great America | Canada's WonderlandFlight Deck
58%
Knott's Berry FarmHangtime
58%
California's Great America | Worlds Of FunPatriot
58%
Cedar PointWicked Twister
58%
Canada's Wonderland | CarowindsVortex
57%
CarowindsAfterburn
56%
Canada's Wonderland | Kings Dominion | Kings IslandBacklot Stunt Coaster
56%
Knott's Berry FarmXcelerator
56%
Cedar PointIron Dragon
55%
Kings IslandThe Racer
55%
Michigan's AdventureShivering Timbers
54%
California's Great AmericaThe Grizzly
54%
Kings Dominion | Kings IslandFlight Of Fear
53%
Kings DominionDominator
52%
Kings DominionGrizzly
52%
Dorney ParkSteel Force
51%
Canada's WonderlandThe Fly
51%
Knott's Berry FarmSilver Bullet
50%
Carowinds | Cedar PointWilderness Run
50%
Dorney ParkHydra
49%
CarowindsNighthawk
49%
Dorney ParkTalon
49%
CarowindsHurler
48%
Kings DominionAnaconda
45%
Dorney ParkWild Mouse
45%
Kings IslandInvertigo
43%
Worlds Of FunMamba
42%
Worlds Of FunBoomerang
40%
ValleyfairWild Thing
40%
CarowindsCarolina Cyclone
39%
Canada's WonderlandTime Warp
39%
Kings DominionRacer 75
38%
ValleyfairRenegade
38%
California's Great AmericaDemon
37%
Worlds Of FunProwler
37%
Dorney Park | Michigan's AdventureThunderhawk
37%
Kings Dominion | Kings IslandGreat Pumpkin Coaster
36%
Canada's WonderlandMighty Canadian Minebuster
35%
Knott's Berry FarmPony Express
35%
Knott's Berry FarmCoast Rider
34%
Kings DominionApple Zapple
33%
CarowindsCarolina Goldrusher
33%
Knott's Berry FarmJaguar!
33%
Knott's Berry FarmMontezooma's Revenge
33%
Kings IslandAdventure Express
32%
Knott's Berry FarmSierra Sidewinder
31%
CarowindsThe Flying Cobras
31%
Kings IslandFlying Ace Aerial Chase
30%
CarowindsKiddy Hawk
29%
Canada's WonderlandWilde Beast
29%
ValleyfairExcalibur
27%
CarowindsRicochet
26%
Canada's WonderlandDragon Fyre
25%
ValleyfairSteel Venom
25%
Michigan's AdventureWolverine Wildcat
25%
Canada's WonderlandGhoster Coaster
24%
Kings DominionAvalanche
23%
Cedar PointPipe Scream
23%
Michigan's AdventureZach's Zoomer
23%
Michigan's Adventure | ValleyfairMad Mouse
22%
California's Great AmericaPsycho Mouse
20%
Worlds Of FunSpinning Dragons
20%
Worlds Of FunTimber Wolf
20%
Canada's WonderlandSilver Streak
19%
Canada's WonderlandThunder Run
18%
ValleyfairHigh Roller
17%
California's Great AmericaLucy's Crabbie Cabbies
17%
Valleyfair | Worlds Of FunCosmic Coaster
16%
Canada's WonderlandTaxi Jam
16%
Knott's Berry FarmTimberline Twister
16%
Kings IslandSurf Dog
12%

Score Distribution

Percentile by Number Answered

Percent of People with Each Score

Your Score History

You have not taken this quiz